Socios Comerciales más Grandes - Cuba - Estadísticas

Estadísticas generales
  • Esta prueba ha sido intentada 83 veces
  • La puntuación promedio es 15 de 23
Estadísticas de respuestas
exportaciones importaciones país % Correcto
180 mil Estados Unidos
100%
364 mil 1884 mil China
97%
139 mil 1070 mil España
97%
356 mil México
97%
48,4 mil 85,3 mil Rusia
96%
50,7 mil 514 mil Brasil
92%
407 mil 387 mil Canadá
92%
28,3 mil 163 mil Francia
92%
45,9 mil 286 mil Alemania
89%
368 mil Italia
89%
27,4 mil Reino Unido
89%
276 mil Argentina
85%
162 mil 166 mil Países Bajos
69%
29,7 mil Portugal
64%
281 mil Panamá
63%
53,5 mil 74,6 mil Bélgica
60%
32,7 mil Suiza
53%
155 mil Argelia
28%
31,0 mil Bielorrusia
17%
27,3 mil Finlandia
14%
44,8 mil Croacia
11%
59,8 mil Nueva Zelanda
11%
42,1 mil Chipre
1%
No se encontraron pruebas coincidentes
Distribución de puntuación
Porcentaje de gente con cada puntuación
Porcentaje por número respondido
Historial de tus puntuaciones
No has intentado esta prueba.